000 00956cam a22003857 4500
001 6185
003 DO-SdBNP
005 20230210111604.0
007 6185
008 090401s2006 sp | |||| 000 1 spa
015 _a
017 _a
_b
020 _a9780316160179
035 _a
040 _aBPMSU
_bspa
_cBPMSU
_e
041 _aeng
_h
080 _a
082 _a813.5
_bM612t
_222
100 1 _aMeyer, Stephenie
_d1973-
240 1 0 _a
_l
245 1 0 _aTwilight /
_cStephenie Meyer
_h
250 _a
260 _aNew York :
_b Little Brown and Company,
_c2006
300 _a498, [36] p. ;
_c23 cm.
490 0 _aSaga Crepúsculo
590 _6Inventariado, 2021/VM
650 4 _aNovela estaunidense
650 4 _aVampiros
_vNovela
650 4 _aRelaciones interpersonales
_vNovela
650 4 _aMonstruos
_vNovela
700 _a
_e
830 _aSaga Crepúsculo
910 _aVMateo
942 _2ddc
_cBK
999 _c10402
_d10402